Statystyki dla Rekordy krajów w skokach narciarskich kobiet

Kliknij tutaj aby rozwiązać quiz!

Ogólne statystyki

  • Ten quiz został rozwiązany 11 razy
  • Średni wynik to 5 z 30

Statystyki odpowiedzi

krajmiastorekordskoczkini% Poprawnych
AustriaTauplitz200 mDaniela Iraschko-Stolz
100%
PolskaPlanica134 mKinga Rajda
60%
JaponiaSapporo145 mYūki Itō
60%
RumuniaLillehammer123,5 mDaniela Haralambie
50%
SłoweniaCzajkowski140,5 mNika Križnar
50%
FrancjaPlanica131,5 mJulia Clair
40%
CzechyTitisee-Neustadt118,5 mKarolína Indráčková
30%
WłochyLillehammer132 mLara Malsiner
30%
USAVikersund171 mLindsey Van
30%
WęgryPlanica120 mVirág Vörös
20%
NorwegiaVikersund174,5 mAnette Sagen
10%
FinlandiaRuka130 mSusanna Forsström
10%
NiemcyWillingen146 mUlrike Gräßler
10%
HolandiaOslo107 mWendy Vuik
10%
RosjaLillehammer135,5 mAleksandra Kustowa
0%
LiechtensteinBerchtesgaden70 mAlina Büchel
0%
EstoniaOtepaa94 mAnnemarii Bendi
0%
KanadaCourchevel130 mAtsuko Tanaka
0%
SzwajcariaOberstdorf133 mBigna Windmüller
0%
ChinyLillehammer125 mChang Xinyue
0%
UkrainaSzczyrk79 mChrystyna Droniak
0%
GruzjaPremanon66 mEsmeralda Gobozowa
0%
SzwecjaVikersund174,5 mHelena Olsson
0%
BiałoruśCzajkowski33,5 mJewa Biadrycka
0%
BułgariaKoszeg22 mJoana Sichanowa
0%
Wielka Brytaniabrak danych96 mMani Cooper
0%
Korea PołudniowaLillehammer107 mPark Guy-lim
0%
ŁotwaPredazzo85 mŠarlote Šķēle
0%
SłowacjaPredazzo72 mViktória Šidlová
0%
KazachstanCzajkowski120,5 mWalentina Sdierżykowa
0%

Rozkład punktacji

Percentyl według liczby udzielonych odpowiedzi

Procent ludzi z każdym wynikiem

Twoja historia wyników

Nie rozwiązałeś tego quizu